[Event "Tournoi International du Pays de Charleroi 2018"]
[Site "Roux, Belgium"]
[Date "2018.07.28"]
[Round "1.8"]
[White "Okhotnik, Vladimir"]
[Black "Philippe, Denis-Emmanuel"]
[Result "1-0"]
[WhiteTitle "GM"]
[WhiteElo "2384"]
[BlackElo "2047"]

1. e4 {[%clk 01:30:56]} {[%emt 00:00:03]} c6 {[%clk 01:30:57]} {[%emt
00:00:04]} 2. c4 {[%clk 01:31:15]} {[%emt 00:00:11]} d5 {[%clk 01:31:14]}
{[%emt 00:00:13]} 3. exd5 {[%clk 01:31:37]} {[%emt 00:00:08]} cxd5 {[%clk
01:31:35]} {[%emt 00:00:09]} 4. cxd5 {[%clk 01:32:00]} {[%emt 00:00:07]} Nf6
{[%clk 01:31:33]} {[%emt 00:00:32]} 5. Nc3 {[%clk 01:32:22]} {[%emt 00:00:08]}
Nxd5 {[%clk 01:30:52]} {[%emt 00:01:11]} 6. Nf3 {[%clk 01:32:46]} {[%emt
00:00:06]} Nc6 {[%clk 01:26:20]} {[%emt 00:05:02]} 7. Bb5 {[%clk 01:33:06]}
{[%emt 00:00:10]} Nxc3 {[%clk 01:23:32]} {[%emt 00:03:18]} 8. bxc3 {[%clk
01:33:31]} {[%emt 00:00:05]} Qd5 {[%clk 01:21:16]} {[%emt 00:02:46]} 9. Qe2
{[%clk 01:33:55]} {[%emt 00:00:06]} Bg4 {[%clk 01:16:25]} {[%emt 00:05:21]} 10.
d4 {[%clk 01:32:35]} {[%emt 00:01:50]} e6 {[%clk 01:07:38]} {[%emt 00:09:17]}
11. Rb1 {[%clk 01:32:13]} {[%emt 00:00:52]} Be7 {[%clk 00:58:11]} {[%emt
00:09:56]} 12. Bc4 {[%clk 01:30:56]} {[%emt 00:01:47]} Qd7 {[%clk 00:42:43]}
{[%emt 00:15:58]} 13. O-O {[%clk 01:30:42]} {[%emt 00:00:44]} O-O {[%clk
00:41:42]} {[%emt 00:01:31]} 14. Rd1 {[%clk 01:28:48]} {[%emt 00:02:24]} Na5
{[%clk 00:34:15]} {[%emt 00:07:57]} 15. Bd3 {[%clk 01:28:20]} {[%emt 00:00:58]}
Rac8 {[%emt 00:17:12]} 16. Rb5 {[%clk 01:20:22]} b6 {[%clk 00:25:39]} {[%emt
00:00:53]} 17. h3 {[%clk 01:19:02]} {[%emt 00:01:49]} Bxf3 {[%clk 00:20:44]}
{[%emt 00:05:26]} 18. Qxf3 {[%clk 01:19:14]} {[%emt 00:00:18]} Nc4 {[%clk
00:19:04]} {[%emt 00:02:10]} 19. Rb1 {[%clk 01:13:21]} {[%emt 00:06:23]} Rfd8
{[%clk 00:17:56]} {[%emt 00:01:38]} 20. Bf4 {[%clk 01:09:34]} {[%emt 00:04:16]}
g6 {[%clk 00:14:07]} {[%emt 00:04:20]} 21. Bh6 {[%clk 01:08:54]} {[%emt
00:01:09]} Nd6 {[%clk 00:13:53]} {[%emt 00:00:44]} 22. Rb3 {[%clk 01:07:04]}
{[%emt 00:02:20]} Rc7 {[%clk 00:13:35]} {[%emt 00:00:48]} 23. Bf4 {[%clk
01:05:05]} {[%emt 00:02:28]} Rcc8 {[%clk 00:11:21]} {[%emt 00:02:45]} 24. Ba6
{[%clk 01:04:41]} {[%emt 00:00:54]} Ra8 {[%clk 00:09:00]} {[%emt 00:02:51]} 25.
c4 {[%clk 01:02:19]} {[%emt 00:02:52]} f5 {[%clk 00:06:27]} {[%emt 00:03:03]}
26. d5 {[%clk 01:00:21]} {[%emt 00:02:28]} Ne4 {[%clk 00:06:21]} {[%emt
00:00:36]} 27. Bb5 {[%clk 01:00:46]} {[%emt 00:00:05]} Qc8 {[%clk 00:06:01]}
{[%emt 00:00:51]} 28. Bc6 {[%clk 01:00:28]} {[%emt 00:00:48]} Bc5 {[%clk
00:05:09]} {[%emt 00:01:22]} 29. Rb2 {[%clk 01:00:51]} {[%emt 00:00:06]} exd5
{[%clk 00:03:20]} {[%emt 00:02:20]} 30. Bxd5+ {[%clk 01:00:48]} {[%emt
00:00:33]} Rxd5 {[%clk 00:03:32]} {[%emt 00:00:16]} 31. Rxd5 {[%clk 01:00:27]}
{[%emt 00:00:52]} Qc6 {[%clk 00:01:08]} {[%emt 00:02:50]} 32. Qd3 {[%clk
00:59:32]} {[%emt 00:01:29]} Re8 {[%clk 00:01:12]} {[%emt 00:00:27]} 33. Rd8
{[%clk 00:59:35]} {[%emt 00:00:26]} Qe6 {[%clk 00:00:58]} {[%emt 00:00:44]} 34.
Rxe8+ {[%clk 00:59:37]} {[%emt 00:00:28]} Qxe8 {[%clk 00:01:27]} {[%emt
00:00:01]} 35. Qd5+ {[%clk 00:59:45]} {[%emt 00:00:22]} Qf7 {[%clk 00:01:28]}
{[%emt 00:00:29]} 36. Qd8+ {[%clk 00:59:32]} {[%emt 00:00:44]} Qf8 {[%clk
00:01:18]} {[%emt 00:00:39]} 37. Qc7 {[%clk 00:58:45]} {[%emt 00:01:17]} Qe7
{[%clk 00:00:47]} {[%emt 00:01:01]} 38. Qxe7 {[%clk 00:59:01]} {[%emt
00:00:14]} Bxe7 {[%clk 00:01:15]} {[%emt 00:00:03]} 39. Bb8 {[%clk 00:58:55]}
{[%emt 00:00:36]} Nd6 {[%clk 00:00:59]} {[%emt 00:00:46]} 40. Bxa7 {[%clk
00:58:18]} {[%emt 00:01:06]} Nxc4 {[%clk 00:01:25]} {[%emt 00:00:04]} 41. Rc2
{[%clk 00:58:25]} {[%emt 00:00:23]} b5 {[%clk 00:01:33]} {[%emt 00:00:23]} 42.
a4 {[%clk 00:58:46]} {[%emt 00:00:09]} Nd6 {[%clk 00:00:55]} {[%emt 00:01:08]}
43. Rc7 {[%clk 00:58:53]} {[%emt 00:00:22]} Kf8 {[%clk 00:00:59]} {[%emt
00:00:26]} 44. a5 {[%clk 00:58:58]} {[%emt 00:00:25]} b4 {[%clk 00:01:14]}
{[%emt 00:00:15]} 45. a6 {[%clk 00:59:20]} {[%emt 00:00:09]} Ke8 {[%clk
00:30:17]} {[%emt 00:01:27]} 46. Bc5 {[%clk 01:29:10]} {[%emt 00:00:39]} 1-0

[Event "Tournoi International du Pays de Charleroi 2018"]
[Site "Roux, Belgium"]
[Date "2018.07.28"]
[Round "1.22"]
[White "Dauw, Sterre"]
[Black "Guion, Geoffrey"]
[Result "1/2-1/2"]
[WhiteElo "2192"]
[BlackElo "1988"]

1. e4 {[%clk 01:30:56]} {[%emt 00:00:03]} e6 {[%clk 01:30:55]} {[%emt
00:00:06]} 2. d3 {[%clk 01:31:18]} {[%emt 00:00:08]} d5 {[%clk 01:31:16]}
{[%emt 00:00:08]} 3. Nd2 {[%clk 01:31:43]} {[%emt 00:00:05]} Nf6 {[%clk
01:31:05]} {[%emt 00:00:41]} 4. Ngf3 {[%clk 01:32:04]} {[%emt 00:00:10]} c5
{[%clk 01:31:09]} {[%emt 00:00:25]} 5. g3 {[%clk 01:32:24]} {[%emt 00:00:10]}
Nc6 {[%clk 01:31:31]} {[%emt 00:00:08]} 6. Bg2 {[%clk 01:32:47]} {[%emt
00:00:07]} Be7 {[%clk 01:30:50]} {[%emt 00:01:11]} 7. O-O {[%clk 01:33:08]}
{[%emt 00:00:09]} Qc7 {[%clk 01:31:03]} {[%emt 00:00:17]} 8. Re1 {[%clk
01:33:28]} {[%emt 00:00:11]} b6 {[%clk 01:30:58]} {[%emt 00:00:36]} 9. Nf1
{[%clk 01:31:18]} {[%emt 00:02:39]} dxe4 {[%clk 01:26:39]} {[%emt 00:04:48]} 10.
dxe4 {[%clk 01:27:04]} {[%emt 00:04:45]} Ba6 {[%clk 01:25:59]} {[%emt
00:01:10]} 11. c3 {[%clk 01:16:56]} {[%emt 00:10:38]} O-O {[%clk 01:24:12]}
{[%emt 00:02:15]} 12. Bf4 {[%clk 01:16:43]} {[%emt 00:00:44]} Qb7 {[%clk
01:20:17]} {[%emt 00:04:25]} 13. e5 {[%clk 01:13:34]} {[%emt 00:03:39]} Nd5
{[%clk 01:13:57]} {[%emt 00:06:50]} 14. Bg5 {[%clk 01:13:34]} {[%emt 00:00:31]}
Rfd8 {[%clk 01:12:52]} {[%emt 00:01:35]} 15. Qa4 {[%clk 01:10:14]} {[%emt
00:03:50]} b5 {[%clk 01:05:08]} {[%emt 00:08:14]} 16. Qh4 {[%clk 01:07:02]}
{[%emt 00:03:41]} Qc7 {[%clk 01:00:54]} {[%emt 00:04:44]} 17. N1d2 {[%clk
01:04:34]} {[%emt 00:02:59]} h6 {[%clk 00:57:11]} {[%emt 00:04:13]} 18. Bxe7
{[%clk 01:04:54]} {[%emt 00:00:10]} Ncxe7 {[%clk 00:57:07]} {[%emt 00:00:32]}
19. Ne4 {[%clk 01:03:29]} {[%emt 00:01:56]} Ng6 {[%clk 00:53:48]} {[%emt
00:03:50]} 20. Qh5 {[%clk 00:53:18]} {[%emt 00:10:41]} Bb7 {[%clk 00:49:41]}
{[%emt 00:04:37]} 21. Bh3 {[%clk 00:49:10]} {[%emt 00:04:37]} Qe7 {[%clk
00:43:08]} {[%emt 00:07:03]} 22. Nfd2 {[%clk 00:48:26]} {[%emt 00:01:14]} Nb6
{[%clk 00:32:53]} {[%emt 00:10:43]} 23. f4 {[%clk 00:47:18]} {[%emt 00:01:40]}
Bd5 {[%clk 00:29:21]} {[%emt 00:04:02]} 24. Nd6 {[%clk 00:46:53]} {[%emt
00:00:55]} a6 {[%clk 00:28:37]} {[%emt 00:01:15]} 25. b3 {[%clk 00:47:15]}
{[%emt 00:00:08]} c4 {[%clk 00:26:03]} {[%emt 00:03:04]} 26. bxc4 {[%clk
00:44:49]} {[%emt 00:02:55]} Nxc4 {[%clk 00:25:36]} {[%emt 00:00:58]} 27. N2xc4
{[%clk 00:45:04]} {[%emt 00:00:14]} bxc4 {[%clk 00:25:01]} {[%emt 00:01:04]} 28.
Qe2 {[%clk 00:43:50]} {[%emt 00:01:45]} Rab8 {[%clk 00:21:35]} {[%emt
00:03:57]} 29. Bg2 {[%clk 00:43:29]} {[%emt 00:00:50]} Qa7+ {[%clk 00:19:43]}
{[%emt 00:02:23]} 30. Kh1 {[%clk 00:30:20]} {[%emt 00:13:39]} Qc5 {[%clk
00:16:36]} {[%emt 00:03:37]} 31. Qd2 {[%clk 00:25:32]} {[%emt 00:05:17]} Ne7
{[%clk 00:12:38]} {[%emt 00:04:28]} 32. Bxd5 {[%clk 00:19:00]} {[%emt
00:07:03]} Qxd5 {[%clk 00:08:35]} {[%emt 00:04:32]} 33. Qxd5 {[%clk 00:18:40]}
{[%emt 00:00:50]} Nxd5 {[%clk 00:08:43]} {[%emt 00:00:22]} 34. Nxc4 {[%clk
00:11:51]} {[%emt 00:07:20]} Nxc3 {[%clk 00:07:37]} {[%emt 00:01:36]} 35. Rec1
{[%clk 00:11:14]} {[%emt 00:01:06]} Rd3 {[%clk 00:05:56]} {[%emt 00:02:09]} 36.
Rc2 {[%clk 00:10:59]} {[%emt 00:00:47]} Rb4 {[%clk 00:04:12]} {[%emt 00:02:14]}
37. Nb2 {[%clk 00:07:23]} {[%emt 00:04:06]} Re3 {[%clk 00:03:39]} {[%emt
00:01:04]} 38. Kg2 {[%clk 00:06:15]} {[%emt 00:01:34]} Rbe4 {[%clk 00:02:32]}
{[%emt 00:01:40]} 39. Kh3 {[%clk 00:03:16]} {[%emt 00:03:30]} Ne2 {[%clk
00:01:15]} {[%emt 00:01:47]} 40. Kg2 {[%clk 00:01:59]} {[%emt 00:01:45]} Nc3
{[%clk 00:01:15]} {[%emt 00:00:31]} 41. Kh3 {[%clk 00:00:32]} {[%emt 00:01:57]}
Ne2 {[%clk 00:01:29]} {[%emt 00:00:16]} 1/2-1/2

[Event "Tournoi International du Pays de Charleroi 2018"]
[Site "Roux, Belgium"]
[Date "2018.07.28"]
[Round "1.31"]
[White "Godry, Clement"]
[Black "De Block, Yordi"]
[Result "0-1"]
[WhiteElo "1940"]
[BlackElo "2129"]

1. Nf3 {[%clk 01:30:45]} {[%emt 00:00:13]} Nf6 {[%clk 01:30:55]} {[%emt
00:00:06]} 2. e3 {[%clk 01:31:03]} {[%emt 00:00:12]} d5 {[%clk 01:30:51]}
{[%emt 00:00:34]} 3. c4 {[%clk 01:29:23]} {[%emt 00:02:11]} c6 {[%clk
01:31:13]} {[%emt 00:00:08]} 4. Nc3 {[%clk 01:29:40]} {[%emt 00:00:13]} Bg4
{[%clk 01:31:22]} {[%emt 00:00:21]} 5. d4 {[%clk 01:29:44]} {[%emt 00:00:25]}
e6 {[%clk 01:31:14]} {[%emt 00:00:39]} 6. a3 {[%clk 01:29:17]} {[%emt
00:00:57]} Bd6 {[%clk 01:30:54]} {[%emt 00:00:48]} 7. h3 {[%clk 01:26:52]}
{[%emt 00:02:55]} Bh5 {[%clk 01:30:52]} {[%emt 00:00:34]} 8. Be2 {[%clk
01:26:59]} {[%emt 00:00:22]} Nbd7 {[%clk 01:31:03]} {[%emt 00:00:20]} 9. Qc2
{[%clk 01:26:59]} {[%emt 00:00:29]} Bg6 {[%clk 01:31:22]} {[%emt 00:00:12]} 10.
Bd3 {[%clk 01:27:16]} {[%emt 00:00:11]} dxc4 {[%clk 01:31:37]} {[%emt
00:00:17]} 11. Bxg6 {[%clk 01:27:36]} {[%emt 00:00:10]} hxg6 {[%clk 01:32:01]}
{[%emt 00:00:05]} 12. e4 {[%clk 01:27:46]} {[%emt 00:00:20]} e5 {[%clk
01:32:17]} {[%emt 00:00:14]} 13. Bg5 {[%clk 01:27:25]} {[%emt 00:00:51]} exd4
{[%clk 01:29:19]} {[%emt 00:03:28]} 14. Nxd4 {[%clk 01:27:21]} {[%emt
00:00:33]} Ne5 {[%clk 01:29:05]} {[%emt 00:00:43]} 15. O-O-O {[%clk 01:26:09]}
{[%emt 00:01:44]} Nd3+ {[%clk 01:28:29]} {[%emt 00:01:07]} 16. Kb1 {[%clk
01:26:36]} {[%emt 00:00:02]} Bxa3 {[%clk 01:23:25]} {[%emt 00:05:35]} 17. Rxd3
{[%clk 01:22:48]} {[%emt 00:04:18]} cxd3 {[%clk 01:23:33]} {[%emt 00:00:22]} 18.
Qa4 {[%clk 01:23:08]} {[%emt 00:00:09]} Be7 {[%clk 01:16:16]} {[%emt 00:07:47]}
19. e5 {[%clk 01:21:45]} {[%emt 00:01:52]} Nd5 {[%clk 01:05:06]} {[%emt
00:11:41]} 20. Nxd5 {[%clk 01:18:52]} {[%emt 00:03:24]} Qxd5 {[%clk 01:05:15]}
{[%emt 00:00:20]} 21. Bxe7 {[%clk 01:19:10]} {[%emt 00:00:12]} Kxe7 {[%clk
01:04:04]} {[%emt 00:01:41]} 22. e6 {[%clk 01:19:09]} {[%emt 00:00:30]} Rhd8
{[%clk 00:58:46]} {[%emt 00:05:49]} 23. Qa3+ {[%clk 01:19:03]} {[%emt
00:00:37]} c5 {[%clk 00:58:32]} {[%emt 00:00:43]} 24. Nb5 {[%clk 01:19:07]}
{[%emt 00:00:25]} d2 {[%clk 00:56:21]} {[%emt 00:02:43]} 25. Nc3 {[%clk
01:19:25]} {[%emt 00:00:11]} Qd3+ {[%clk 00:56:23]} {[%emt 00:00:28]} 26. Ka1
{[%clk 01:19:48]} {[%emt 00:00:08]} Rac8 {[%clk 00:55:49]} {[%emt 00:01:04]} 27.
Qb3 {[%clk 01:19:54]} {[%emt 00:00:23]} Qa6+ {[%clk 00:55:36]} {[%emt
00:00:43]} 28. Kb1 {[%clk 01:20:16]} {[%emt 00:00:09]} Qxe6 {[%clk 00:54:43]}
{[%emt 00:01:23]} 29. Qxb7+ {[%clk 01:20:36]} {[%emt 00:00:10]} Kf8 {[%clk
00:55:09]} {[%emt 00:00:03]} 30. Qxa7 {[%clk 01:20:52]} {[%emt 00:00:14]} Qf5+
{[%clk 00:55:11]} {[%emt 00:00:28]} 0-1

[Event "Tournoi International du Pays de Charleroi 2018"]
[Site "Roux, Belgium"]
[Date "2018.07.28"]
[Round "1.14"]
[White "Sclacmender, Julien"]
[Black "Grodent, Gerald"]
[Result "1-0"]
[WhiteElo "2245"]
[BlackElo "2017"]

1. e4 {[%clk 01:30:55]} {[%emt 00:00:06]} e6 {[%clk 01:31:24]} {[%emt
00:00:04]} 2. d4 {[%clk 01:31:21]} {[%emt 00:00:04]} d5 {[%clk 01:31:50]}
{[%emt 00:00:04]} 3. Nc3 {[%clk 01:31:43]} {[%emt 00:00:08]} Bb4 {[%clk
01:32:01]} {[%emt 00:00:19]} 4. e5 {[%clk 01:31:55]} {[%emt 00:00:19]} c5
{[%clk 01:32:23]} {[%emt 00:00:07]} 5. Bd2 {[%clk 01:31:58]} {[%emt 00:00:27]}
Ne7 {[%clk 01:28:15]} {[%emt 00:04:38]} 6. Nb5 {[%clk 01:31:33]} {[%emt
00:00:55]} Bxd2+ {[%clk 01:27:54]} {[%emt 00:00:51]} 7. Qxd2 {[%clk 01:31:59]}
{[%emt 00:00:05]} cxd4 {[%clk 01:25:08]} {[%emt 00:03:15]} 8. Nd6+ {[%clk
01:31:05]} {[%emt 00:01:24]} Kf8 {[%clk 01:25:32]} {[%emt 00:00:06]} 9. f4
{[%clk 01:27:09]} {[%emt 00:04:26]} Nbc6 {[%clk 01:24:38]} {[%emt 00:01:24]} 10.
Nf3 {[%clk 01:26:26]} {[%emt 00:01:13]} Nf5 {[%clk 01:18:06]} {[%emt 00:07:02]}
11. Nxf5 {[%clk 01:25:41]} {[%emt 00:01:15]} exf5 {[%clk 01:18:31]} {[%emt
00:00:05]} 12. Nxd4 {[%clk 01:22:57]} {[%emt 00:03:15]} Be6 {[%clk 01:16:21]}
{[%emt 00:02:38]} 13. Be2 {[%clk 01:09:11]} {[%emt 00:14:17]} a6 {[%clk
01:08:35]} {[%emt 00:08:15]} 14. O-O-O {[%clk 01:05:21]} {[%emt 00:04:21]} Qa5
{[%clk 01:03:20]} {[%emt 00:05:45]} 15. Qxa5 {[%clk 00:58:15]} {[%emt
00:07:37]} Nxa5 {[%clk 01:03:49]} 16. Rhf1 {[%clk 00:55:49]} {[%emt 00:02:55]}
h5 {[%clk 00:59:29]} {[%emt 00:04:50]} 17. Rf3 {[%clk 00:55:40]} {[%emt
00:00:40]} Rc8 {[%clk 00:58:52]} {[%emt 00:01:06]} 18. Ra3 {[%clk 00:45:09]}
{[%emt 00:11:02]} Nc6 {[%clk 00:49:41]} {[%emt 00:09:40]} 19. Rc3 {[%clk
00:45:24]} {[%emt 00:00:15]} Na7 {[%clk 00:40:32]} {[%emt 00:09:39]} 20. Rxc8+
{[%clk 00:42:01]} {[%emt 00:03:53]} Nxc8 {[%clk 00:40:38]} {[%emt 00:00:25]} 21.
c4 {[%clk 00:26:49]} {[%emt 00:15:41]} Nb6 {[%clk 00:34:45]} {[%emt 00:06:22]}
22. c5 {[%clk 00:24:42]} {[%emt 00:02:38]} Na4 {[%clk 00:30:56]} {[%emt
00:04:20]} 23. b4 {[%clk 00:18:11]} {[%emt 00:07:01]} Nc3 {[%clk 00:29:47]}
{[%emt 00:01:38]} 24. Rd2 {[%clk 00:18:13]} {[%emt 00:00:28]} Nxe2+ {[%clk
00:29:22]} {[%emt 00:00:55]} 25. Rxe2 {[%clk 00:18:00]} {[%emt 00:00:43]} Ke7
{[%clk 00:29:31]} {[%emt 00:00:21]} 26. Kb2 {[%clk 00:17:55]} {[%emt 00:00:35]}
Rc8 {[%clk 00:28:15]} {[%emt 00:01:46]} 27. Kb3 {[%clk 00:17:58]} {[%emt
00:00:27]} g6 {[%clk 00:26:19]} {[%emt 00:02:25]} 28. h4 {[%clk 00:17:43]}
{[%emt 00:00:46]} Kd7 {[%clk 00:25:07]} {[%emt 00:01:42]} 29. Rc2 {[%clk
00:17:32]} {[%emt 00:00:41]} Kc7 {[%clk 00:23:05]} {[%emt 00:02:31]} 30. a4
{[%clk 00:17:34]} {[%emt 00:00:29]} Kb8 {[%clk 00:22:34]} {[%emt 00:01:00]} 31.
b5 {[%clk 00:17:38]} {[%emt 00:00:27]} axb5 {[%clk 00:20:53]} {[%emt 00:02:12]}
32. axb5 {[%clk 00:18:03]} {[%emt 00:00:05]} Kc7 {[%clk 00:19:41]} {[%emt
00:01:39]} 33. Ra2 {[%clk 00:17:15]} {[%emt 00:01:20]} Kb8 {[%clk 00:19:28]}
{[%emt 00:00:43]} 34. Kb4 {[%clk 00:17:24]} {[%emt 00:00:21]} Bd7 {[%clk
00:19:35]} {[%emt 00:00:23]} 35. Rc2 {[%clk 00:12:41]} {[%emt 00:05:14]} Be6
{[%clk 00:18:12]} {[%emt 00:01:51]} 36. c6 {[%clk 00:10:39]} {[%emt 00:02:33]}
Rc7 {[%clk 00:13:01]} {[%emt 00:05:41]} 37. b6 {[%clk 00:10:40]} {[%emt
00:00:32]} 1-0

[Event "Tournoi International du Pays de Charleroi 2018"]
[Site "Roux, Belgium"]
[Date "2018.07.28"]
[Round "1.19"]
[White "Russian, Carlo"]
[Black "Henris, Luc"]
[Result "1-0"]
[BlackTitle "FM"]
[WhiteElo "1992"]
[BlackElo "2204"]

1. e4 {[%clk 01:30:49]} {[%emt 00:00:10]} e5 {[%clk 01:30:55]} {[%emt
00:00:05]} 2. Bc4 {[%clk 01:30:06]} {[%emt 00:01:13]} Nf6 {[%clk 01:30:09]}
{[%emt 00:01:17]} 3. Nf3 {[%clk 01:29:21]} {[%emt 00:01:15]} d6 {[%clk
01:30:22]} {[%emt 00:00:17]} 4. Nc3 {[%clk 01:29:13]} {[%emt 00:00:37]} Be7
{[%clk 01:30:32]} {[%emt 00:00:19]} 5. O-O {[%clk 01:29:37]} {[%emt 00:00:07]}
O-O {[%clk 01:30:58]} {[%emt 00:00:04]} 6. d4 {[%clk 01:29:52]} {[%emt
00:00:15]} exd4 {[%clk 01:31:11]} {[%emt 00:00:18]} 7. Nxd4 {[%clk 01:30:10]}
{[%emt 00:00:11]} c6 {[%clk 01:31:14]} {[%emt 00:00:27]} 8. a4 {[%clk
01:21:20]} {[%emt 00:09:20]} Re8 {[%clk 01:29:25]} {[%emt 00:02:20]} 9. Re1
{[%clk 01:21:03]} {[%emt 00:00:46]} Bf8 {[%clk 01:27:10]} {[%emt 00:02:44]} 10.
h3 {[%clk 01:09:36]} {[%emt 00:11:57]} Nbd7 {[%clk 01:26:32]} {[%emt 00:01:08]}
11. b3 {[%clk 01:09:41]} {[%emt 00:00:26]} Ne5 {[%clk 01:14:36]} {[%emt
00:12:26]} 12. Be2 {[%clk 01:06:00]} {[%emt 00:04:11]} d5 {[%clk 01:13:19]}
{[%emt 00:01:47]} 13. f4 {[%clk 01:05:33]} {[%emt 00:00:56]} Bb4 {[%clk
01:10:35]} {[%emt 00:03:14]} 14. Bb2 {[%clk 00:51:25]} {[%emt 00:14:39]} Bxc3
{[%clk 01:07:02]} {[%emt 00:04:03]} 15. Bxc3 {[%clk 00:51:50]} {[%emt
00:00:05]} Nxe4 {[%clk 01:07:18]} {[%emt 00:00:13]} 16. Bb2 {[%clk 00:50:55]}
{[%emt 00:01:26]} Ng6 {[%clk 01:06:48]} {[%emt 00:01:00]} 17. Bg4 {[%clk
00:42:24]} {[%emt 00:09:01]} Nxf4 {[%clk 01:05:05]} {[%emt 00:02:13]} 18. Bxc8
{[%clk 00:41:20]} {[%emt 00:01:33]} Rxc8 {[%clk 01:02:36]} {[%emt 00:03:00]} 19.
Qg4 {[%clk 00:41:17]} {[%emt 00:00:33]} Ng6 {[%clk 01:00:15]} {[%emt 00:02:50]}
20. Nf5 {[%clk 00:38:13]} {[%emt 00:03:34]} Nf6 {[%clk 00:58:22]} {[%emt
00:02:24]} 21. Rxe8+ {[%clk 00:19:25]} {[%emt 00:19:18]} Qxe8 {[%clk 00:50:06]}
{[%emt 00:08:46]} 22. Bxf6 {[%clk 00:18:18]} {[%emt 00:01:37]} gxf6 {[%clk
00:50:18]} {[%emt 00:00:18]} 23. Ne7+ {[%clk 00:18:38]} {[%emt 00:00:09]} Qxe7
{[%clk 00:50:27]} {[%emt 00:00:22]} 24. Qxc8+ {[%clk 00:19:03]} {[%emt
00:00:05]} Kg7 {[%clk 00:50:54]} {[%emt 00:00:02]} 25. Qf5 {[%clk 00:17:53]}
{[%emt 00:01:39]} Qe6 {[%clk 00:49:24]} {[%emt 00:02:02]} 26. Qf2 {[%clk
00:17:22]} {[%emt 00:01:00]} b6 {[%clk 00:48:28]} {[%emt 00:01:26]} 27. a5
{[%clk 00:14:37]} {[%emt 00:03:15]} c5 {[%clk 00:48:42]} {[%emt 00:00:16]} 28.
axb6 {[%clk 00:14:05]} {[%emt 00:01:02]} axb6 {[%clk 00:49:08]} {[%emt
00:00:05]} 29. Ra6 {[%clk 00:14:24]} {[%emt 00:00:11]} Qc6 {[%clk 00:45:39]}
{[%emt 00:03:59]} 30. Qf3 {[%clk 00:11:28]} {[%emt 00:03:26]} Qb5 {[%clk
00:44:15]} {[%emt 00:01:54]} 31. Ra7 {[%clk 00:11:19]} {[%emt 00:00:39]} d4
{[%clk 00:44:08]} {[%emt 00:00:37]} 32. Rb7 {[%clk 00:09:37]} {[%emt 00:02:12]}
Qb4 {[%clk 00:41:49]} {[%emt 00:02:49]} 33. Qg3 {[%clk 00:06:02]} {[%emt
00:04:04]} Qd2 {[%clk 00:38:47]} {[%emt 00:03:33]} 34. Qf2 {[%clk 00:06:15]}
{[%emt 00:00:16]} Qa5 {[%clk 00:38:49]} {[%emt 00:00:28]} 35. Rd7 {[%clk
00:05:37]} {[%emt 00:01:07]} b5 {[%clk 00:23:40]} {[%emt 00:15:41]} 36. Rd6
{[%clk 00:05:25]} {[%emt 00:00:42]} Qa1+ {[%clk 00:23:07]} {[%emt 00:01:03]} 37.
Kh2 {[%clk 00:05:50]} {[%emt 00:00:04]} d3 {[%clk 00:23:17]} {[%emt 00:00:21]}
38. Rxd3 {[%clk 00:05:52]} {[%emt 00:00:28]} c4 {[%clk 00:23:31]} {[%emt
00:00:16]} 39. Rd5 {[%clk 00:04:26]} {[%emt 00:01:55]} cxb3 {[%clk 00:21:55]}
{[%emt 00:02:07]} 40. cxb3 {[%clk 00:04:43]} {[%emt 00:00:13]} b4 {[%clk
00:21:54]} {[%emt 00:00:31]} 41. Qd4 {[%clk 00:03:25]} {[%emt 00:01:47]} Qf1
{[%clk 00:13:36]} {[%emt 00:08:49]} 42. Qxb4 {[%clk 00:29:06]} {[%emt
00:04:49]} f5 {[%clk 00:37:44]} {[%emt 00:06:22]} 43. Qc4 {[%clk 00:27:14]}
{[%emt 00:02:21]} Qb1 {[%clk 00:36:03]} {[%emt 00:02:10]} 44. Qd3 {[%clk
00:27:04]} {[%emt 00:00:41]} Qc1 {[%clk 00:34:49]} {[%emt 00:01:45]} 45. Rxf5
{[%clk 00:26:32]} {[%emt 00:01:01]} Qc7 {[%clk 00:32:42]} {[%emt 00:02:37]} 46.
Qg3 {[%clk 00:26:49]} {[%emt 00:00:12]} Qc2 {[%clk 00:32:36]} {[%emt 00:00:38]}
47. Rb5 {[%clk 00:25:31]} {[%emt 00:01:47]} Qe2 {[%clk 00:31:39]} {[%emt
00:01:27]} 48. Rb7 {[%clk 00:25:52]} {[%emt 00:00:09]} h5 {[%clk 00:31:13]}
{[%emt 00:00:57]} 49. Qc3+ {[%clk 00:25:47]} {[%emt 00:00:34]} Kg8 {[%clk
00:30:43]} {[%emt 00:01:00]} 50. Rb8+ {[%clk 00:25:58]} {[%emt 00:00:19]} Kh7
{[%clk 00:29:44]} {[%emt 00:01:28]} 51. Qf6 {[%clk 00:25:41]} {[%emt 00:00:47]}
1-0